[Event "SLO-chT3 West"]
[Site "Komenda"]
[Date "2022.12.11"]
[Round "4.1"]
[White "Vidic, Marjan"]
[Black "Baric, Dusan"]
[Result "1/2-1/2"]
[WhiteElo "1526"]
[BlackElo "2007"]
[PlyCount "88"]
[EventDate "2022.12.09"]
[EventType "team-swiss"]
[EventRounds "5"]
[EventCountry "SLO"]
[SourceTitle "EXT 2024"]
[Source "ChessBase"]
[SourceDate "2023.10.10"]
[SourceVersion "1"]
[SourceVersionDate "2023.10.10"]
[SourceQuality "1"]
[WhiteTeam "Izola"]
[BlackTeam "Stari Trg ob Kolpi"]
[WhiteTeamCountry "SLO"]
[BlackTeamCountry "SLO"]

1. d4 Nf6 2. c4 g6 3. Nc3 Bg7 4. e4 d6 5. Nf3 0-0 6. Be2 Bg4 7. 0-0 Nc6 8. d5 Nb4 9. Bd2 c5 10. Re1 Bxf3 11. gxf3 Nd7 12. f4 f5 13. a3 Na6 14. exf5 gxf5 15. Kh1 Nc7 16. Bd3 Qe8 17. Qe2 Rf7 18. Qh5 Qf8 19. Rg1 e5 20. fxe5 Nxe5 21. Be2 Kh8 22. Rg3 Ng4 23. f3 Bh6 24. Be1 Nf6 25. Qxf5 Nfxd5 26. Qh3 Nf4 27. Qf1 Re8 28. Rd1 Nce6 29. Ne4 Nd4 30. Bc3 Bg7 31. Bxd4 Bxd4 32. b3 Qh6 33. Bd3 Re5 34. Rd2 Rh5 35. Bc2 Rg7 36. Rg4 Rh4 37. Qd1 Rgxg4 38. fxg4 Qe6 39. Qf3 Rxg4 40. Rd1 Qg8 41. Ng3 Nh3 42. Kg2 Nf4+ 43. Kh1 Nh3 44. Kg2 Rf4 1/2-1/2

[Event "SLO-chT3 West"]
[Site "Komenda"]
[Date "2019.12.08"]
[Round "5.1"]
[White "Trivuncevic, Bosko"]
[Black "Baric, Dusan"]
[Result "0-1"]
[WhiteElo "1937"]
[BlackElo "2013"]
[PlyCount "94"]
[EventDate "2019.12.06"]
[EventType "team-swiss"]
[EventRounds "5"]
[EventCountry "SLO"]
[SourceTitle "EXT 2024"]
[Source "ChessBase"]
[SourceDate "2023.10.10"]
[SourceVersion "1"]
[SourceVersionDate "2023.10.10"]
[SourceQuality "1"]
[WhiteTeam "Loska Dolina"]
[BlackTeam "Stari Trg ob Kolpi"]
[WhiteTeamCountry "SLO"]
[BlackTeamCountry "SLO"]

1. e4 c5 2. Nf3 d6 3. d4 cxd4 4. Nxd4 Nf6 5. Nc3 g6 6. Be2 Bg7 7. 0-0 a6 8. Kh1 b5 9. a3 Bb7 10. Bf3 Nbd7 11. Bg5 Qb6 12. Be3 Qc7 13. g3 0-0 14. Bg2 Ne5 15. h3 Rac8 16. Nde2 Nc4 17. Bc1 e6 18. Rb1 Rfd8 19. b3 Nb6 20. Bb2 d5 21. e5 Ne4 22. f4 Bf8 23. Nxe4 dxe4 24. Nd4 Nd5 25. Qe1 Nc3 26. Bxc3 Qxc3 27. Qxc3 Rxc3 28. Rfd1 Bc5 29. Ne2 Rxd1+ 30. Rxd1 Rxc2 31. Nd4 Rc3 32. Kh2 Bxa3 33. Re1 Bc5 34. Bxe4 Bxe4 35. Rxe4 Bxd4 36. Rxd4 Rxb3 37. Rd8+ Kg7 38. Ra8 Ra3 39. Rb8 Ra4 40. Kg2 b4 41. Kf2 a5 42. Ke2 Ra3 43. Rb5 Rxg3 44. Rxa5 Rxh3 45. Kf2 b3 46. Rb5 Rc3 47. Ke2 h5 0-1

[Event "SLO-chT Central 20th"]
[Site "Slovenia"]
[Date "2019.10.17"]
[Round "6.2"]
[White "Olenik Campa, Rudi"]
[Black "Baric, Dusan"]
[Result "1/2-1/2"]
[WhiteElo "1997"]
[BlackElo "2001"]
[PlyCount "90"]
[EventDate "2019.09.12"]
[EventType "team-tourn"]
[EventRounds "7"]
[EventCountry "SLO"]
[SourceTitle "EXT 2024"]
[Source "ChessBase"]
[SourceDate "2023.10.10"]
[SourceVersion "1"]
[SourceVersionDate "2023.10.10"]
[SourceQuality "1"]
[WhiteTeam "Domzale Tajfun"]
[BlackTeam "Visnja Gora Sticna"]
[WhiteTeamCountry "SLO"]
[BlackTeamCountry "SLO"]

1. e4 c5 2. Nf3 d6 3. d4 cxd4 4. Nxd4 Nf6 5. f3 Bd7 6. c4 Nc6 7. Be3 a6 8. Nc3 g6 9. Qd2 Bg7 10. Be2 Nxd4 11. Bxd4 0-0 12. 0-0 Rc8 13. Rac1 Qa5 14. Rfd1 Rfe8 15. a3 Nh5 16. b4 Bxd4+ 17. Qxd4 Qg5 18. Nd5 Nf4 19. Nxf4 Qxf4 20. Qd2 Qxd2 21. Rxd2 Rc7 22. Rdc2 Rec8 23. Kf2 Kg7 24. Ke3 h5 25. Bd3 Kf6 26. Kd4 Ba4 27. Rc3 e5+ 28. Ke3 Ke6 29. Bb1 f5 30. g3 h4 31. exf5+ gxf5 32. g4 f4+ 33. Ke2 Bd7 34. Be4 Rd8 35. Kd3 Bc6 36. Bd5+ Kf6 37. Ke4 Be8 38. Kd3 Bg6+ 39. Be4 Bf7 40. Rg1 Kg5 41. Rgc1 b6 42. Kd2 Kf6 43. Bd5 Bg6 44. Re1 Rdc8 45. Rec1 Rd8 1/2-1/2

[Event "SLO-chT Central 20th"]
[Site "Slovenia"]
[Date "2019.09.12"]
[Round "1.2"]
[White "Baric, Dusan"]
[Black "Janzelj, Lara"]
[Result "0-1"]
[WhiteElo "2001"]
[BlackElo "2159"]
[PlyCount "102"]
[EventDate "2019.09.12"]
[EventType "team-tourn"]
[EventRounds "7"]
[EventCountry "SLO"]
[SourceTitle "EXT 2024"]
[Source "ChessBase"]
[SourceDate "2023.10.10"]
[SourceVersion "1"]
[SourceVersionDate "2023.10.10"]
[SourceQuality "1"]
[WhiteTeam "Visnja Gora Sticna"]
[BlackTeam "Ig"]
[WhiteTeamCountry "SLO"]
[BlackTeamCountry "SLO"]

1. e4 e5 2. Nf3 Nc6 3. Bb5 a6 4. Bxc6 dxc6 5. h3 f6 6. 0-0 Be6 7. d4 exd4 8. Nxd4 Bf7 9. Be3 Qd7 10. Nc3 0-0-0 11. Qf3 Ne7 12. Rad1 Qe8 13. Qg3 Ng6 14. Nf5 Rxd1 15. Rxd1 Rg8 16. a3 Ne5 17. Bf4 g6 18. Nd4 Bd6 19. Bxe5 fxe5 20. Nf3 g5 21. Nd2 h5 22. Qd3 Qe6 23. b4 Be7 24. Qe3 b6 25. Nf1 g4 26. Kh2 Kb7 27. Rd3 Bg5 28. Qe2 Qg6 29. h4 Bxh4 30. g3 Bf6 31. Ne3 h4 32. Rd1 hxg3+ 33. fxg3 Qh5+ 34. Kg1 Bg5 35. Nf5 Be6 36. Qh2 Qg6 37. Qf2 Rh8 38. Kg2 Qh7 39. Nh4 Be7 40. Rh1 Qh6 41. Qe2 Qg5 42. Rf1 Rd8 43. Rd1 Rf8 44. Rh1 b5 45. Re1 Rh8 46. Rh1 Bc4 47. Qf2 Qh6 48. Rd1 Bxh4 49. gxh4 Rf8 50. Qd2 Qxh4 51. Rh1 Bf1+ 0-1

[Event "Ljubljana-chT 72nd Superliga"]
[Site "Ljubljana"]
[Date "2019.02.14"]
[Round "5.2"]
[White "Baric, Dusan"]
[Black "Marinsek, Tomaz"]
[Result "0-1"]
[WhiteElo "2053"]
[BlackElo "2114"]
[PlyCount "38"]
[EventDate "2019.01.10"]
[EventType "team-tourn"]
[EventRounds "7"]
[EventCountry "SLO"]
[SourceTitle "EXT 2024"]
[Source "ChessBase"]
[SourceDate "2023.10.10"]
[SourceVersion "1"]
[SourceVersionDate "2023.10.10"]
[SourceQuality "1"]
[WhiteTeam "Visnja Gora Sticna"]
[BlackTeam "Medvode"]
[WhiteTeamCountry "SLO"]
[BlackTeamCountry "SLO"]

1. e4 d5 2. exd5 Qxd5 3. Nf3 Bg4 4. Be2 Nc6 5. 0-0 0-0-0 6. c3 e5 7. b4 Bxf3 8. Bxf3 e4 9. Be2 Bd6 10. Qb3 Qe5 11. g3 h5 12. Bb2 h4 13. c4 Nd4 14. Bxd4 Qxd4 15. Qc3 Be5 16. Qxd4 Rxd4 17. Rd1 Ne7 18. a3 hxg3 19. hxg3 Rd6 0-1

[Event "SLO-chT3 West"]
[Site "Komenda"]
[Date "2017.12.09"]
[Round "2.3"]
[White "Baric, Dusan"]
[Black "Trpin, Alenka"]
[Result "1-0"]
[WhiteElo "2077"]
[BlackElo "1747"]
[PlyCount "65"]
[EventDate "2017.12.08"]
[EventType "team-swiss"]
[EventRounds "5"]
[EventCountry "SLO"]
[SourceTitle "EXT 2019"]
[Source "ChessBase"]
[SourceDate "2018.10.10"]
[SourceVersion "1"]
[SourceVersionDate "2018.10.10"]
[SourceQuality "1"]
[WhiteTeam "Kolpi Stari Trg"]
[BlackTeam "Komenda Pogi"]
[WhiteTeamCountry "SLO"]
[BlackTeamCountry "SLO"]

1. e4 c5 2. c3 d6 3. d4 cxd4 4. cxd4 Nf6 5. Nc3 e6 6. Nf3 Be7 7. Bg5 h6 8. Bf4 0-0 9. Rc1 Qa5 10. Bd3 Nc6 11. 0-0 Bd7 12. Bb1 Rfc8 13. a3 e5 14. Bg3 Bg4 15. dxe5 dxe5 16. h3 Bh5 17. Nd5 Rd8 18. Nxe7+ Nxe7 19. Qb3 Bxf3 20. Qxf3 Nc6 21. b4 Qb5 22. Rc5 Qb6 23. Ba2 Rd2 24. Qb3 Rf8 25. Bb1 Nd4 26. Qc4 Ne2+ 27. Kh2 Nxg3 28. fxg3 Qd6 29. Rc8 Rd8 30. Ba2 Rxc8 31. Qxc8+ Kh7 32. Bxf7 Nd7 33. Qg8# 1-0

[Event "SLO-chT1 West"]
[Site "Ljubljana"]
[Date "2015.11.27"]
[Round "7"]
[White "Baric, Dusan"]
[Black "Suc, Timothy"]
[Result "1-0"]
[WhiteElo "2071"]
[BlackElo "2057"]
[PlyCount "69"]
[EventDate "2015.10.16"]
[EventType "team-tourn"]
[EventRounds "9"]
[EventCountry "SLO"]
[SourceTitle "EXT 2019"]
[Source "ChessBase"]
[SourceDate "2018.10.10"]
[SourceVersion "1"]
[SourceVersionDate "2018.10.10"]
[SourceQuality "1"]
[WhiteTeam "Stari Trg op Kolpi"]
[BlackTeam "Piran"]
[WhiteTeamCountry "SLO"]
[BlackTeamCountry "SLO"]

1. e4 e5 2. Nf3 Nc6 3. Bb5 Nge7 4. 0-0 g6 5. d4 exd4 6. Nxd4 Bg7 7. Be3 0-0 8. Nc3 d5 9. exd5 Nb4 10. Bg5 f6 11. Bf4 Nbxd5 12. Bc4 c6 13. Qf3 Kh8 14. Rad1 Nxc3 15. Qxc3 Nd5 16. Qf3 Nxf4 17. Qxf4 Qb6 18. Bb3 c5 19. Nf3 Qb4 20. Qc7 Bg4 21. c3 Qb6 22. Qf4 Bxf3 23. Qxf3 Rad8 24. h4 f5 25. Rd5 Rxd5 26. Qxd5 Rd8 27. Qf7 Qf6 28. Qxb7 Qxh4 29. Re1 c4 30. Qf7 Rf8 31. Re8 Qh6 32. Bxc4 Rxe8 33. Qxe8+ Bf8 34. Qe5+ Qg7 35. Qd5 1-0

[Event "SLO-chT1 West"]
[Site "Ljubljana"]
[Date "2015.10.17"]
[Round "2"]
[White "Lucovnik, Tilen"]
[Black "Baric, Dusan"]
[Result "1/2-1/2"]
[WhiteElo "2059"]
[BlackElo "2071"]
[PlyCount "67"]
[EventDate "2015.10.16"]
[EventType "team-tourn"]
[EventRounds "9"]
[EventCountry "SLO"]
[SourceTitle "EXT 2019"]
[Source "ChessBase"]
[SourceDate "2018.10.10"]
[SourceVersion "1"]
[SourceVersionDate "2018.10.10"]
[SourceQuality "1"]
[WhiteTeam "Komenda"]
[BlackTeam "Stari Trg op Kolpi"]
[WhiteTeamCountry "SLO"]
[BlackTeamCountry "SLO"]

1. e4 c5 2. Nf3 d6 3. Bb5+ Bd7 4. Bxd7+ Nxd7 5. 0-0 Ngf6 6. Qe2 g6 7. c3 Bg7 8. d4 cxd4 9. cxd4 e6 10. Nc3 Nb6 11. a4 Rc8 12. Bg5 Qd7 13. e5 Nfd5 14. Ne4 0-0 15. Nxd6 Rc6 16. a5 Nc8 17. Ne4 a6 18. Nf6+ Bxf6 19. exf6 Qc7 20. Ne5 Rc2 21. Qg4 Nd6 22. Qh3 Rc8 23. g4 Ne4 24. Qh4 Nxg5 25. Qxg5 Qd8 26. Ra3 Qxf6 27. Qxf6 Nxf6 28. Rb3 R8c7 29. h3 Ne4 30. Rb4 Rd2 31. Nf3 Rdc2 32. Ne5 Re2 33. Nc4 Rc2 34. Ne5 1/2-1/2

[Event "SLO-chT2 West"]
[Site "Ljubljana"]
[Date "2012.10.19"]
[Round "1.4"]
[White "Hasanagic, Anel"]
[Black "Baric, Dusan"]
[Result "1-0"]
[WhiteElo "2102"]
[BlackElo "2051"]
[PlyCount "99"]
[EventDate "2012.10.19"]
[EventType "team-tourn"]
[EventRounds "9"]
[EventCountry "SLO"]
[SourceTitle "EXT 2022"]
[Source "ChessBase"]
[SourceDate "2021.10.06"]
[SourceVersion "1"]
[SourceVersionDate "2021.10.06"]
[SourceQuality "1"]
[WhiteTeam "Jesenice"]
[BlackTeam "Stari Trg ob Kolpi"]
[WhiteTeamCountry "SLO"]
[BlackTeamCountry "SLO"]

1. e4 c5 2. Nf3 d6 3. d4 cxd4 4. Nxd4 Nf6 5. Nc3 g6 6. Be3 Bg7 7. f3 Nc6 8. Qd2 Bd7 9. Bc4 Rc8 10. Bb3 Na5 11. 0-0-0 Nc4 12. Bxc4 Rxc4 13. g4 Qa5 14. h4 h5 15. Nb3 Qc7 16. e5 dxe5 17. g5 Nh7 18. Na5 Rxc3 19. Qxc3 Qxc3 20. bxc3 b6 21. Nb3 Bf5 22. Rd2 Nf8 23. c4 Ne6 24. c5 bxc5 25. Nxc5 0-0 26. Nxe6 Bxe6 27. Rhd1 f5 28. Rd8 Bxa2 29. Bxa7 Bc4 30. Rxf8+ Kxf8 31. Rd8+ Kf7 32. Kd2 f4 33. Bb8 e4 34. fxe4 f3 35. Ke3 Be2 36. e5 Ke6 37. Rg8 Kf7 38. Rc8 Ke6 39. c4 Bxe5 40. Bxe5 Kxe5 41. c5 Kf5 42. c6 Kg4 43. Kf2 Kxh4 44. c7 Ba6 45. Ra8 Bb7 46. Rb8 Ba6 47. Rb6 Bc8 48. Rxg6 Kg4 49. Rg8 Bb7 50. Rb8 1-0

[Event "SLO-chT1 West"]
[Site "Ljubljana"]
[Date "2010.10.16"]
[Round "8.2"]
[White "Kolaric, Spela"]
[Black "Baric, Dusan"]
[Result "1/2-1/2"]
[WhiteElo "2041"]
[BlackElo "2112"]
[PlyCount "109"]
[EventDate "2010.09.24"]
[EventType "team-tourn"]
[EventRounds "9"]
[EventCountry "SLO"]
[SourceTitle "CBM 138 Extra"]
[Source "ChessBase"]
[SourceDate "2010.10.29"]
[SourceVersion "1"]
[SourceVersionDate "2010.10.29"]
[SourceQuality "1"]
[WhiteTeam "Kocevje"]
[BlackTeam "Krajn Stari Mayr"]
[WhiteTeamCountry "SLO"]
[BlackTeamCountry "SLO"]

1. e4 c5 2. Nf3 d6 3. c3 Nc6 4. h3 Nf6 5. Bd3 g6 6. Bc2 Bg7 7. 0-0 0-0 8. d4 cxd4 9. cxd4 Bd7 10. Nc3 Rc8 11. Be3 Na5 12. Nd2 b5 13. Rc1 b4 14. Ne2 Bb5 15. Re1 Nb7 16. f4 a5 17. Ng3 Qb6 18. f5 Rc7 19. Nf3 Rfc8 20. Qd2 a4 21. b3 a3 22. Bb1 Rc3 23. Rxc3 bxc3 24. Qf2 Qa6 25. fxg6 hxg6 26. Ng5 e5 27. Rd1 Na5 28. d5 Nb7 29. Nf3 Nc5 30. Ne1 Qa5 31. Kh2 Na6 32. Bb6 c2 33. Nxc2 Qc3 34. Nxa3 Be8 35. Nc4 Qb4 36. Be3 Qb8 37. Qd2 Bb5 38. Bd3 Nc5 39. Bxc5 Rxc5 40. Nb2 Be8 41. b4 Rc8 42. a4 Kh7 43. Ne2 Qa7 44. Rf1 Bh6 45. Qe1 Nh5 46. a5 Nf4 47. Nxf4 Bxf4+ 48. g3 Bg5 49. Nc4 Be7 50. Qf2 Qb7 51. Rb1 Kg7 52. b5 Rc5 53. a6 Qa8 54. Nb6 Qb8 55. Na4 1/2-1/2

[Event "SLO-chT1 West"]
[Site "Ljubljana"]
[Date "2010.10.15"]
[Round "7.3"]
[White "Zupancic, Jernej"]
[Black "Baric, Dusan"]
[Result "1-0"]
[WhiteElo "2075"]
[BlackElo "2112"]
[PlyCount "97"]
[EventDate "2010.09.24"]
[EventType "team-tourn"]
[EventRounds "9"]
[EventCountry "SLO"]
[SourceTitle "CBM 138 Extra"]
[Source "ChessBase"]
[SourceDate "2010.10.29"]
[SourceVersion "1"]
[SourceVersionDate "2010.10.29"]
[SourceQuality "1"]
[WhiteTeam "Novo Mesto Krka"]
[BlackTeam "Krajn Stari Mayr"]
[WhiteTeamCountry "SLO"]
[BlackTeamCountry "SLO"]

1. e4 c5 2. Nf3 d6 3. d4 cxd4 4. Nxd4 Nf6 5. Nc3 g6 6. Be3 Bg7 7. f3 0-0 8. Qd2 Nc6 9. Bc4 Bd7 10. 0-0-0 Rc8 11. Bb3 Ne5 12. g4 Nc4 13. Bxc4 Rxc4 14. h4 h5 15. gxh5 Nxh5 16. Rdg1 Qa5 17. Rg5 Rc5 18. Nb3 Bxc3 19. bxc3 Qa3+ 20. Kb1 Rxg5 21. Bxg5 Re8 22. Rg1 e5 23. Rd1 Re6 24. c4 b6 25. Qd5 Kg7 26. Qb7 Ba4 27. Qxa7 Qb4 28. Qc7 b5 29. cxb5 Bxb5 30. Qb8 Qc4 31. Rxd6 Re8 32. Rd8 Rxd8 33. Bxd8 Qf1+ 34. Kb2 Bc4 35. Qxe5+ f6 36. Qc7+ Bf7 37. e5 fxe5 38. Qxe5+ Kg8 39. Bf6 Nxf6 40. Qxf6 Qc4 41. f4 Qd5 42. Qg5 Qf3 43. Qe5 Bd5 44. Qf6 Kh7 45. Nd4 Qe4 46. f5 gxf5 47. Qxf5+ Kh6 48. Qxe4 Bxe4 49. c4 1-0

[Event "SLO-chT1 West"]
[Site "Ljubljana"]
[Date "2010.10.08"]
[Round "4.2"]
[White "Marinsek, Tomaz"]
[Black "Baric, Dusan"]
[Result "1-0"]
[WhiteElo "2161"]
[BlackElo "2112"]
[PlyCount "31"]
[EventDate "2010.09.24"]
[EventType "team-tourn"]
[EventRounds "9"]
[EventCountry "SLO"]
[SourceTitle "CBM 138 Extra"]
[Source "ChessBase"]
[SourceDate "2010.10.29"]
[SourceVersion "1"]
[SourceVersionDate "2010.10.29"]
[SourceQuality "1"]
[WhiteTeam "Trebnje BMP"]
[BlackTeam "Krajn Stari Mayr"]
[WhiteTeamCountry "SLO"]
[BlackTeamCountry "SLO"]

1. e4 c5 2. Nf3 d6 3. d4 cxd4 4. Nxd4 Nf6 5. Nc3 g6 6. Be2 Bg7 7. 0-0 0-0 8. Be3 Nc6 9. Nb3 Bd7 10. f4 Na5 11. Qe1 Ng4 12. Bxg4 Bxg4 13. Nxa5 Qxa5 14. f5 Bh5 15. h3 gxf5 16. Rxf5 1-0

[Event "SLO-chT1a West"]
[Site "Ljubljana"]
[Date "2009.10.11"]
[Round "4.2"]
[White "Baric, Dusan"]
[Black "Bratovic, Blaz"]
[Result "1/2-1/2"]
[WhiteElo "2125"]
[BlackElo "2350"]
[PlyCount "75"]
[EventDate "2009.10.09"]
[EventType "team-tourn"]
[EventRounds "9"]
[EventCountry "SLO"]
[SourceTitle "EXT 2012"]
[Source "ChessBase"]
[SourceDate "2011.11.24"]
[SourceVersion "1"]
[SourceVersionDate "2011.11.24"]
[SourceQuality "1"]
[WhiteTeam "Kranj Stari Mayr"]
[BlackTeam "Gorenjka Lesce"]
[WhiteTeamCountry "SLO"]
[BlackTeamCountry "SLO"]

1. e4 e6 2. d4 d5 3. Nd2 c5 4. Bb5+ Bd7 5. Bxd7+ Qxd7 6. dxc5 Na6 7. exd5 Qxd5 8. Ngf3 Nf6 9. 0-0 Nxc5 10. Nb3 Nxb3 11. axb3 Bc5 12. Qe2 0-0 13. Be3 Bxe3 14. Qxe3 a6 15. Rfd1 Qf5 16. c4 Rad8 17. h3 h6 18. Qb6 Rxd1+ 19. Rxd1 Qc2 20. Rd2 Qc1+ 21. Kh2 e5 22. Qe3 e4 23. Ne5 Qb1 24. Nd7 Nxd7 25. Rxd7 Qxb2 26. Rxb7 f5 27. g3 Qe5 28. Qf4 Qxf4 29. gxf4 Rd8 30. b4 Rd2 31. Kg3 g5 32. c5 gxf4+ 33. Kxf4 Rxf2+ 34. Ke5 e3 35. Kf6 f4 36. Rb8+ Kh7 37. Rb7+ Kg8 38. Rb8+ 1/2-1/2